[Event "Novokuznetsk-ch"]
[Site "Novokuznetsk"]
[Date "2014.12.07"]
[Round "7"]
[White "Oschepkov, Dmitri"]
[Black "Guliashvili, Liana"]
[Result "1-0"]
[WhiteElo "2057"]
[BlackElo "2025"]
[PlyCount "95"]
[EventDate "2014.11.16"]
[EventType "swiss"]
[EventRounds "9"]
[EventCountry "RUS"]
[SourceTitle "EXT 2016"]
[Source "ChessBase"]
[SourceDate "2015.10.08"]
[SourceVersion "1"]
[SourceVersionDate "2015.10.08"]
[SourceQuality "1"]

1. e4 e6 2. d4 d5 3. Nd2 dxe4 4. Nxe4 Nd7 5. Nf3 Ngf6 6. Bd3 Nxe4 7. Bxe4 Nf6 8. Bg5 Be7 9. Bxf6 Bxf6 10. Qd2 g5 11. c3 g4 12. Ne5 Bxe5 13. dxe5 Qxd2+ 14. Kxd2 Bd7 15. Ke3 0-0-0 16. Rad1 h6 17. h3 gxh3 18. Rxh3 Bc6 19. Rxd8+ Kxd8 20. Bxc6 bxc6 21. g4 Rg8 22. Kf4 Rg6 23. c4 Kc8 24. Ra3 Kb7 25. Rd3 Kc8 26. f3 Rg5 27. Rd2 Rg8 28. Rh2 Rg6 29. Ke4 c5 30. Rh4 Kd7 31. f4 Ke7 32. Kf3 Kf8 33. Rh2 Ke7 34. Rh5 Kd7 35. b3 Ke7 36. Rh2 Kf8 37. f5 exf5 38. gxf5 Rg5 39. Kf4 Ke7 40. Rxh6 Rg2 41. Ra6 Rf2+ 42. Ke4 Rd2 43. Rxa7 Kd7 44. Ra6 Rd4+ 45. Ke3 Rd1 46. Kf4 Rf1+ 47. Kg5 Rf2 48. Kf6 1-0

[Event "Novokuznetsk-ch (Women)"]
[Site "Novokuznetsk"]
[Date "2013.09.07"]
[Round "2"]
[White "Marjina, Arina"]
[Black "Guliashvili, Liana"]
[Result "0-1"]
[WhiteElo "1911"]
[BlackElo "2008"]
[PlyCount "54"]
[EventDate "2013.09.01"]
[EventType "swiss"]
[EventRounds "7"]
[EventCountry "RUS"]
[SourceTitle "EXT 2022"]
[Source "ChessBase"]
[SourceDate "2021.10.06"]
[SourceVersion "1"]
[SourceVersionDate "2021.10.06"]
[SourceQuality "1"]

1. d4 d5 2. Nf3 Nf6 3. c4 e6 4. Bg5 Be7 5. Nc3 0-0 6. e3 Nbd7 7. Bd3 b6 8. 0-0 Bb7 9. Rc1 c5 10. cxd5 Nxd5 11. Bxe7 Qxe7 12. Bb1 cxd4 13. exd4 N7f6 14. Nxd5 Bxd5 15. Re1 Rfd8 16. Rc3 Qb4 17. Ng5 h6 18. Nh3 Qxb2 19. Rg3 Bxa2 20. Qf3 Bxb1 21. Qxf6 Bg6 22. Qf3 Qxd4 23. Nf4 Qf6 24. Nxg6 fxg6 25. Qe4 Qf5 26. Qb7 Qd5 27. Qe7 g5 0-1

[Event "Sibiria Region-ch (Women)"]
[Site "Prokopevsk"]
[Date "2012.03.16"]
[Round "5"]
[White "Guliashvili, Liana"]
[Black "Samdanova, Surena"]
[Result "0-1"]
[WhiteElo "2008"]
[BlackElo "1842"]
[PlyCount "76"]
[EventDate "2012.03.12"]
[EventType "swiss"]
[EventRounds "9"]
[EventCountry "RUS"]
[SourceTitle "EXT 2013"]
[Source "ChessBase"]
[SourceDate "2012.11.22"]
[SourceVersion "1"]
[SourceVersionDate "2012.11.22"]
[SourceQuality "1"]

1. c4 c5 2. Nc3 Nc6 3. g3 e5 4. Bg2 g6 5. Nf3 Bg7 6. 0-0 Nge7 7. Ne1 d6 8. Nc2 0-0 9. Ne3 Be6 10. Ncd5 Qd7 11. a3 f5 12. f4 Rab8 13. Qa4 b5 14. cxb5 Nd4 15. Nxe7+ Qxe7 16. Qd1 e4 17. d3 Nb3 18. Rb1 Bd4 19. dxe4 fxe4 20. Kh1 Rxb5 21. Nc2 d5 22. Nxd4 Nxd4 23. e3 Nb3 24. Bd2 Rd8 25. Bc3 d4 26. exd4 cxd4 27. Bb4 Qb7 28. Re1 Bd5 29. Kg1 a5 30. Bd2 e3 31. Bxd5+ Qxd5 32. Bc1 Rc8 33. a4 Rbc5 34. Bxe3 dxe3 35. Rxe3 Nd4 36. Qf1 Rc2 37. Rbe1 Qc6 38. Qd3 Qg2# 0-1

[Event "Sibiria Region-ch (Women)"]
[Site "Prokopevsk"]
[Date "2012.03.13"]
[Round "2"]
[White "Guliashvili, Liana"]
[Black "Petrukhina, Irina"]
[Result "1-0"]
[WhiteElo "2008"]
[BlackElo "2202"]
[PlyCount "85"]
[EventDate "2012.03.12"]
[EventType "swiss"]
[EventRounds "9"]
[EventCountry "RUS"]
[SourceTitle "EXT 2013"]
[Source "ChessBase"]
[SourceDate "2012.11.22"]
[SourceVersion "1"]
[SourceVersionDate "2012.11.22"]
[SourceQuality "1"]

1. c4 c6 2. d4 d5 3. cxd5 cxd5 4. Nc3 Nf6 5. Nf3 Nc6 6. g3 Bg4 7. Bg2 e6 8. 0-0 Be7 9. Bf4 0-0 10. Ne5 Nxe5 11. Bxe5 Nd7 12. Bf4 Rc8 13. Rc1 Qb6 14. Qd2 Rc4 15. Rfd1 Rfc8 16. b3 R4c6 17. Na4 Qa6 18. f3 Bh5 19. Rxc6 Rxc6 20. Qd3 Qxd3 21. Rxd3 Bb4 22. Bd2 a5 23. Bxb4 axb4 24. Rd2 Bg6 25. e4 b5 26. Nb2 Nf6 27. e5 Ne8 28. Bf1 Nc7 29. Bd3 Rc3 30. Bxg6 hxg6 31. Kf2 Kf8 32. Nd3 Na6 33. Ke2 Ke7 34. Rb2 Kd8 35. Kd2 Nb8 36. f4 Nc6 37. Nxb4 Rf3 38. Nxc6+ Kc7 39. Nb4 Rf2+ 40. Kc3 Rf3+ 41. Nd3 Rf1 42. Kb4 Rd1 43. Kc3 1-0